[Event "CAN-ch U14"]
[Site "Windsor"]
[Date "2016.07.07"]
[Round "4.31"]
[White "Ju, Lawrence"]
[Black "Lehingrat, Callum"]
[Result "1-0"]
[WhiteElo "1666"]
[BlackElo "1688"]
[PlyCount "57"]
[EventDate "2016.07.05"]
[EventType "swiss"]
[EventRounds "7"]
[EventCountry "CAN"]
[SourceTitle "EXT 2022"]
[Source "ChessBase"]
[SourceDate "2021.10.06"]
[SourceVersion "1"]
[SourceVersionDate "2021.10.06"]
[SourceQuality "1"]

1. d4 Nf6 2. c4 e6 3. Nc3 Bb4 4. Qb3 Bxc3+ 5. Qxc3 0-0 6. Bg5 b6 7. Nf3 Bb7 8. e3 d6 9. Bd3 Nbd7 10. Qc2 c5 11. Bxh7+ Kh8 12. Bd3 Rc8 13. h4 cxd4 14. exd4 Qc7 15. h5 d5 16. h6 Kg8 17. hxg7 Rfe8 18. Qd2 Ne4 19. Bxe4 f6 20. Bh7+ Kxg7 21. Bxf6+ Kf7 22. Qg5 Nxf6 23. Bg6+ Ke7 24. Rh7+ Kd6 25. Qe5+ Kc6 26. Rxc7+ Rxc7 27. Bxe8+ Nxe8 28. Qxe6+ Nd6 29. Ne5# 1-0

[Event "CAN-ch U14"]
[Site "Windsor"]
[Date "2016.07.06"]
[Round "2.28"]
[White "Ju, Lawrence"]
[Black "Liu, Zhanhe"]
[Result "0-1"]
[WhiteElo "1666"]
[BlackElo "1993"]
[PlyCount "74"]
[EventDate "2016.07.05"]
[EventType "swiss"]
[EventRounds "7"]
[EventCountry "CAN"]
[SourceTitle "EXT 2022"]
[Source "ChessBase"]
[SourceDate "2021.10.06"]
[SourceVersion "1"]
[SourceVersionDate "2021.10.06"]
[SourceQuality "1"]

1. d4 f5 2. c4 Nf6 3. Nc3 d6 4. Nf3 g6 5. g3 Bg7 6. Bg2 0-0 7. Qb3 Kh8 8. Ng5 c6 9. e3 h6 10. Nf3 Qe8 11. Ne2 Na6 12. Bd2 e5 13. dxe5 dxe5 14. Bc3 Ne4 15. Nd2 Nac5 16. Qc2 Nxc3 17. Nxc3 a5 18. Na4 Nxa4 19. Qxa4 e4 20. Qb3 a4 21. Qa3 Qe5 22. Rb1 Rd8 23. f4 Qa5 24. Rd1 c5 25. Ke2 Rd3 26. b3 axb3 27. Qxa5 Rxa5 28. Nxb3 Rxa2+ 29. Rd2 Rdxd2+ 30. Nxd2 Bc3 31. Rd1 Bd7 32. Kf1 Rxd2 33. Rxd2 Bxd2 34. Ke2 Bc1 35. Bf1 b5 36. Kf2 b4 37. Be2 Ba4 0-1

[Event "CAN-ch U12"]
[Site "Windsor"]
[Date "2015.07.08"]
[Round "5.54"]
[White "Talukdar, Rohan Shyam"]
[Black "Ju, Lawrence"]
[Result "1-0"]
[WhiteElo "2133"]
[BlackElo "1772"]
[PlyCount "109"]
[EventDate "2015.07.06"]
[EventType "swiss"]
[EventRounds "7"]
[EventCountry "CAN"]
[SourceTitle "EXT 2022"]
[Source "ChessBase"]
[SourceDate "2021.10.06"]
[SourceVersion "1"]
[SourceVersionDate "2021.10.06"]
[SourceQuality "1"]

1. e4 c5 2. Nc3 Nc6 3. Bb5 Nd4 4. Bc4 g6 5. Nge2 Bg7 6. Nxd4 cxd4 7. Qf3 e6 8. Nb5 Be5 9. a4 a6 10. Na3 Ne7 11. 0-0 0-0 12. d3 Bg7 13. Bd2 d6 14. b4 Bd7 15. a5 Bc6 16. Bb3 d5 17. exd5 Bxd5 18. Bxd5 Qxd5 19. Qe2 Rac8 20. Nc4 Rc6 21. Rfe1 Nf5 22. Reb1 Nd6 23. Nb6 Qb5 24. Ra2 Re8 25. f4 Re7 26. Be1 Qf5 27. Bh4 Bf6 28. Bxf6 Qxf6 29. Re1 Qxf4 30. Nd5 Qg5 31. Nxe7+ Qxe7 32. Qe5 Nb5 33. Rb2 Qc7 34. Qxc7 Rxc7 35. Kf2 Rc6 36. Re5 f6 37. Rc5 Kf7 38. Rxc6 bxc6 39. Rb1 Na3 40. Rc1 Nb5 41. g4 h6 42. Ke2 Nc3+ 43. Kd2 e5 44. h4 Nd5 45. Rb1 Ne3 46. c4 f5 47. gxf5 gxf5 48. b5 axb5 49. cxb5 cxb5 50. a6 Nd5 51. a7 Nc7 52. Rxb5 Ke6 53. Rb7 Na8 54. Rb8 Nc7 55. Rc8 1-0

[Event "Outaouais op U1900"]
[Site "Gatineau"]
[Date "2015.06.07"]
[Round "5"]
[White "Jobin, Gilles G"]
[Black "Ju, Lawrence"]
[Result "1-0"]
[WhiteElo "1818"]
[BlackElo "1553"]
[PlyCount "85"]
[EventDate "2015.06.05"]
[EventType "swiss"]
[EventRounds "5"]
[EventCountry "CAN"]
[SourceTitle "EXT 2019"]
[Source "ChessBase"]
[SourceDate "2018.10.10"]
[SourceVersion "1"]
[SourceVersionDate "2018.10.10"]
[SourceQuality "1"]

1. e4 c5 2. c3 Nc6 3. d4 cxd4 4. cxd4 d5 5. e5 Qb6 6. Nc3 e6 7. Bb5 Bd7 8. Nge2 Bb4 9. Bxc6 Qxc6 10. Bd2 Ne7 11. 0-0 0-0 12. Rc1 Qb6 13. a3 Bxc3 14. bxc3 Qa6 15. Nf4 Bb5 16. Re1 Bc4 17. Re3 Qxa3 18. Rh3 g6 19. Nh5 f6 20. Nxf6+ Rxf6 21. exf6 Nf5 22. Bf4 Rf8 23. Ra1 Qb2 24. Rb1 Qa3 25. Rxb7 h5 26. Be5 a5 27. f7+ Rxf7 28. Rxf7 Kxf7 29. g4 hxg4 30. Rh7+ Kg8 31. Rh8+ Kf7 32. Qb1 Bb3 33. Kg2 a4 34. h3 gxh3+ 35. Rxh3 Qa2 36. Qh1 Qe2 37. Rh7+ Ke8 38. Rh8+ Kd7 39. Qh7+ Ne7 40. Qf7 Qg4+ 41. Kh2 Qh5+ 42. Rxh5 gxh5 43. Bf6 1-0

[Event "Gatineau Outaouais op U1900"]
[Site "Gatineau"]
[Date "2014.06.??"]
[Round "5"]
[White "Rodriguez, Jose Manuel"]
[Black "Ju, Lawrence"]
[Result "1-0"]
[WhiteElo "1652"]
[BlackElo "1600"]
[PlyCount "71"]
[EventDate "2014.06.??"]
[EventType "swiss"]
[EventRounds "5"]
[EventCountry "CAN"]
[SourceTitle "EXT 2022"]
[Source "ChessBase"]
[SourceDate "2021.10.06"]
[SourceVersion "1"]
[SourceVersionDate "2021.10.06"]
[SourceQuality "1"]

1. e4 c5 2. Nf3 Nc6 3. c3 Nf6 4. d3 g6 5. Be2 Bg7 6. 0-0 d5 7. e5 Nd7 8. d4 cxd4 9. cxd4 0-0 10. Nc3 Nb6 11. Re1 f6 12. Bb5 Bg4 13. Bxc6 bxc6 14. e6 Qd6 15. h3 Bxe6 16. a4 Bd7 17. b3 e5 18. Ba3 Qc7 19. Bxf8 Rxf8 20. dxe5 fxe5 21. Nd2 e4 22. Rc1 Qf4 23. Qe2 Bd4 24. Nd1 Be5 25. g3 Qf6 26. Kg2 Qf5 27. Rh1 Bd4 28. Ne3 Bxe3 29. Qxe3 h5 30. Rcf1 g5 31. f3 exf3+ 32. Rxf3 Qg6 33. Rxf8+ Kxf8 34. Rf1+ Kg7 35. Qe7+ Kh8 36. Rf8+ 1-0

[Event "Toronto NAYCC U10"]
[Site "Toronto"]
[Date "2013.08.16"]
[Round "4"]
[White "Ju, Lawrence"]
[Black "Chan, Eric"]
[Result "0-1"]
[WhiteElo "1420"]
[BlackElo "1571"]
[PlyCount "52"]
[EventDate "2013.08.14"]
[EventType "swiss"]
[EventRounds "9"]
[EventCountry "CAN"]
[SourceTitle "EXT 2022"]
[Source "ChessBase"]
[SourceDate "2021.10.06"]
[SourceVersion "1"]
[SourceVersionDate "2021.10.06"]
[SourceQuality "1"]

1. d4 f5 2. c4 Nf6 3. Nc3 g6 4. Nf3 Bg7 5. Bf4 0-0 6. Qb3 Kh8 7. e3 d6 8. Rd1 h6 9. h4 c6 10. Be2 Nbd7 11. c5 d5 12. Be5 Nxe5 13. Nxe5 Qe8 14. f3 Nd7 15. Nd3 e5 16. Nf2 exd4 17. exd4 Nf6 18. Qc2 Nh5 19. Qd2 Ng3 20. Rh2 f4 21. b4 Qe7 22. Nd3 Bxd4 23. Nxf4 Rxf4 24. Qxf4 Bxc3+ 25. Kf2 Qxe2+ 26. Kxg3 Be5 0-1

[Event "CAN-ch U10"]
[Site "Ottawa"]
[Date "2013.07.12"]
[Round "5"]
[White "Liu, Daniel1111"]
[Black "Ju, Lawrence"]
[Result "0-1"]
[WhiteElo "1689"]
[BlackElo "1426"]
[PlyCount "140"]
[EventDate "2013.07.10"]
[EventType "swiss"]
[EventRounds "6"]
[EventCountry "CAN"]
[SourceTitle "EXT 2022"]
[Source "ChessBase"]
[SourceDate "2021.10.06"]
[SourceVersion "1"]
[SourceVersionDate "2021.10.06"]
[SourceQuality "1"]

1. e4 c5 2. Nf3 Nc6 3. Bb5 a6 4. Bxc6 bxc6 5. d3 d6 6. h3 Nf6 7. 0-0 g6 8. Nc3 Bg7 9. Be3 Be6 10. Re1 0-0 11. d4 cxd4 12. Nxd4 Bd7 13. f4 c5 14. Nf3 Rb8 15. Rb1 Bc6 16. Qd3 Qc7 17. Bf2 Rfd8 18. Qxa6 Nh5 19. Qc4 Nxf4 20. Bg3 Ne6 21. Kh1 Rb4 22. Qd3 Qa5 23. a3 Rxb2 24. Rxb2 Bxc3 25. Rbb1 Bxe1 26. Bxe1 Qa8 27. Nd2 Nf4 28. Qe3 Ne6 29. Bh4 Re8 30. Kh2 Nd4 31. Rf1 f5 32. exf5 Bxg2 33. Rg1 Nxf5 34. Qe6+ Kg7 35. Bf2 Bd5 36. Qxf5 Rf8 37. Bd4+ cxd4 38. Qg5 Rf2+ 39. Kg3 Rf7 40. Kh4 e5 41. Rg4 Be6 42. Re4 Qxa3 43. Qg3 Qxg3+ 44. Kxg3 Bf5 45. Re1 Bxc2 46. Nc4 d3 47. Nd2 Rf5 48. Ra1 d5 49. Ra7+ Kh6 50. h4 e4 51. Rd7 e3 52. Nf3 Rxf3+ 53. Kxf3 d2 54. Rxd5 d1Q+ 55. Rxd1 Bxd1+ 56. Kxe3 Kh5 57. Kf2 Kxh4 58. Kg1 g5 59. Kg2 g4 60. Kh1 Kh3 61. Kg1 g3 62. Kh1 g2+ 63. Kg1 h5 64. Kf2 Kh2 65. Ke1 g1Q+ 66. Kd2 Qg3 67. Kxd1 Qf2 68. Kc1 Kg3 69. Kd1 h4 70. Kc1 h3 0-1